Repensar el arte: reflexiones sobre arte, política e investigación /

التفاصيل البيبلوغرافية
مؤلفون آخرون: Lacarrieu, Mónica (autor), Gómez Rendón, Jorge Arsenio. 1971- (autor)
التنسيق: كتاب
اللغة:Spanish
منشور في: Guayaquil: Universidad de la Artes, 2017.
الطبعة:Primera edición.
الموضوعات:

MARC

LEADER 00000nam a22000007a 4500
003 Ucuenca
005 20230504143014.0
006 a||||fr|||| 001 0
007 ta
008 210128s2017 ec aaaaf |||| 001 0 spa a
020 |a 978-9942-977-06-9 
040 |a UCuenca-cdrjbv  |b spa  |c Ucuenca  |e rda 
041 0 |a spa 
082 0 |2 22  |a 700.1  |c 29914126 
245 1 0 |a Repensar el arte:   |b reflexiones sobre arte, política e investigación /   |c Ramiro Noriega [y otros nueve], editor Jorge Gómez Rendón. 
250 |a Primera edición. 
264 1 |a Guayaquil:   |b Universidad de la Artes,   |c 2017. 
300 |a 157 páginas:   |b ilu  |c 21 cm 
336 |2 rdacontent  |a texto  |b txt 
337 |2 rdamedia  |a no mediado  |b n 
338 |2 rdacarrier  |a volumen  |b nc 
505 1 |a La larga vida del arte -- De la economía del arte, o de su economía paradójica -- Hablando de la dimensión política de las cosas -- Pensar desde el saber del cuerpo -- El cuerpo como laboratorio -- Arte e investigación en la época del capitalismo cognitivo. 
650 1 7 |2 UCuenca-cdrjbv  |9 1410  |a Historia del arte 
650 1 7 |2 UCuenca-cdrjbv  |9 1435  |a Arte 
651 |2 UCuenca-cdrjbv 
700 1 |9 121571  |a Lacarrieu, Mónica.  |e autor 
700 1 |a Gómez Rendón, Jorge Arsenio.  |d 1971-  |e autor  |9 106549 
942 |2 ddc  |c BK  |z patricia.tenesaca@ucuenca.edu.ec 
999 |c 159215  |d 159215